ՀՀ Գիտությունների ազգային ակադեմիայի հիմնարար գիտական գրադարան  =   Fundamental Scientific Library of NAS RA
Normal view MARC view

Entry Personal Name

Number of records used in: 2

001 - CONTROL NUMBER

  • control field: 3987

003 - CONTROL NUMBER IDENTIFIER

  • control field: AM-YEHGA

005 - DATE AND TIME OF LATEST TRANSACTION

  • control field: 20250617070448.0

008 - FIXED-LENGTH DATA ELEMENTS

  • fixed length control field: 100719 a|ac|n|aab||||||||||||a |n|||||||

040 ## - CATALOGING SOURCE

  • Original cataloging agency: AM-YEHGA

100 1# - HEADING--PERSONAL NAME

  • Personal name: Տեր-Մերգերյան, Ռոբեր,
  • Dates associated with a name: 1938-

400 1# - SEE FROM TRACING--PERSONAL NAME

  • Personal name: Տեր-Մերգերյան, Ռոբեր Երվանդի,
  • Dates associated with a name: 1938-

400 1# - SEE FROM TRACING--PERSONAL NAME

  • Personal name: Տեր-Մերկերյան, Ռոբեր,
  • Dates associated with a name: 1938-

400 1# - SEE FROM TRACING--PERSONAL NAME

  • Personal name: Տեր-Մերկերյան, Ռ.
  • Fuller form of name: (Ռոբեր),
  • Dates associated with a name: 1938-

400 1# - SEE FROM TRACING--PERSONAL NAME

  • Personal name: Տէր-Մերկերեան, Ռոպեր,
  • Dates associated with a name: 1938-

400 1# - SEE FROM TRACING--PERSONAL NAME

  • Personal name: Տէր-Մերկերեան, Ռ.
  • Fuller form of name: (Ռոպեր),
  • Dates associated with a name: 1938-

400 1# - SEE FROM TRACING--PERSONAL NAME

  • Personal name: Тер-Меркерян, Ропер,
  • Dates associated with a name: 1938-

400 1# - SEE FROM TRACING--PERSONAL NAME

  • Personal name: Ter-Merkeryan, Roper,
  • Dates associated with a name: 1938-

670 ## - SOURCE DATA FOUND

  • Source citation: Ով ով է. հայեր (կենսագրական հանրագիտարան), 2007 :
  • Information found: հ.2 (Տեր-Մերգերյան (Տեր-Մերկերյան) Ռոբեր Երվանդի (ծ. 23.12.1938, Մարսել), բանասեր, լեզվաբան, թարգմանիչ։ Բանաս. գիտ. դ-ր(1981), պրոֆ. (2001), ԵՊՀ պատվ. դ-ր (2004))

670 ## - SOURCE DATA FOUND

  • Source citation: Դեպք փողոցի անկյունում :[Պատմվածքներ], 1963 :
  • Information found: տիտղթ. (Թարգմ.՝ Ռ. Տեր-Մերգերյան)

670 ## - SOURCE DATA FOUND

  • Source citation: Եղիցի ճշմարտութիւն քո :[Տ. Ճէրէճեանի կյանքն ու գործունեութ.], 2009 :
  • Information found: տիտղթ. (Առաջաբ.՝ Ռ. Տեր-Մերկերեան)


ՀՀ ԳԱԱ հիմնարար գիտական գրադարան
ՀՀ,Երևան 0019
Մարշալ Բաղրամյան 24/6
հեռախոս:(374-10) 52-47-50
Հետադարձ կապ

All site content, except where otherwise noted, is licensed under a
Creative Commons License